1969 / (Record no. 189754)

MARC details
000 -CABECERA
campo de control de longitud fija 01348nam a2200205 a 4500
005 - FECHA Y HORA DE LA ÚLTIMA TRANSACCIÓN
campo de control 20210223133255.0
008 - ELEMENTOS DE LONGITUD FIJA--INFORMACIÓN GENERAL
campo de control de longitud fija 170511s1988 mx r 000 0 spa d
035 ## - NÚMERO DE CONTROL DEL SISTEMA
Número de control de sistema UPN01000217654
049 ## - COLECCIÓN
Colección AV
099 ## - CLASIFICACIÓN LOCAL
Clasificación local PVI PN 1375
100 1# - ASIENTO PRINCIPAL--NOMBRE PERSONAL
Nombre de persona Thompson, Ernest,
Fechas asociadas al nombre 1949-
9 (RLIN) 40464
245 10 - MENCIÓN DE TÍTULO
Título 1969 /
Mención de responsabilidad, etc. dir. Ernest Thompson.
260 ## - PUBLICACIÓN, DISTRIBUCIÓN, ETC.
Lugar de publicación, distribución, etc. Estados Unidos :
Nombre del editor, distribuidor, etc. Atlantic Productions,
Fecha de publicación, distribución, etc. 1988.
300 ## - DESCRIPCIÓN FÍSICA
Extensión 1 videocasete (VHS) (101 min) :
Otras características físicas son., col.
511 1# - NOTA DE PARTICIPANTES O INTÉRPRETES
Nota de participantes o intérpretes Robert Downey Jr., Kiefer Sutherland, Bruce Dern, Mariette Hartley, Winona Ryder, Joanna Cassidy, Christopher Wynne, Keller Kuhn, Steve Foster, Mert Hatfield, Welton Tootle, Don Devendorf
520 ## - NOTA DE RESUMEN, ETC.
Sumario, etc. Dos amigos, Scott y Ralph, se gradúan en 1967 en un instituto de una pequeña localidad estadounidense y acuden a la universidad dispuestos a cosechar aventuras amorosas y a dar esquinazo a la caja de reclutas. Pero Ralph es expulsado y corre el riesgo de tener que incorporarse a las fuerzas armadas de su país. Cuando los dos amigos toman medidas drásticas -y, naturalmente, ilegales- para garantizar la libertad de Ralph, desencadenan una serie de acontecimientos que cambiarán para siempre sus vidas y su amistad, así como las ideas sobre la guerra de toda una ciudad.
650 #4 - ASIENTO SECUNDARIO DE MATERIA - TERMINO TEMATICO
Término de materia o nombre geográfico como elemento de entrada AMISTAD EN PELICULAS CINEMATOGRAFICAS
9 (RLIN) 4318
905 ## - TIPO DE MATERIAL
Tipo de material Audiovisuales
Holdings
Estado de retiro Estado de pérdida Fuente del sistema de clasificación o colocación Estado dañado No para préstamo Código de colección Localización permanente Ubicación/localización actual Ubicación en estantería Total de préstamos Clasificación Código de barras Fecha visto por última vez Número de copia Tipo de ítem Koha
    Library of Congress Classification     Audiovisuales Bib. Gregorio Torres Quintero Bib. Gregorio Torres Quintero Audiovisual   PVI PN 1375 318201 31/12/2020 1 Videocasete